| 000 | 00824cam a22002533a 4500 | ||
|---|---|---|---|
| 001 | 45873 | ||
| 003 | PGUSA | ||
| 005 | 20140828084052.0 | ||
| 008 | 140603s2014||||xxu|||||s|||||000 | eng d | ||
| 040 |
_aPGUSA _beng |
||
| 042 | _adc | ||
| 100 | 1 |
_aFiguier, Louis, _d1819-1894 |
|
| 245 | 1 | 0 |
_aReptiles and Birds : _bA Popular Account of Their Various Orders, With a Description of the Habits and Economy of the Most Interesting _h[electronic resource] / _cLouis Figuier |
| 260 |
_bProject Gutenberg, _c2014 |
||
| 506 | _aPublic domain in the USA. | ||
| 516 | _aElectronic text | ||
| 700 | 1 | _aRiou, E. | |
| 700 | 1 | _aMesnel, A. | |
| 700 | 1 | _aGillmore, Parker | |
| 700 | 1 |
_aNeuville, Alphonse Marie de, _d1835-1885 |
|
| 830 | 0 |
_aProject Gutenberg _v45873 |
|
| 856 | 4 | 0 | _uhttp://www.gutenberg.org/ebooks/45873 |
| 942 | _cEB | ||
| 999 |
_c275123 _d275123 |
||